Textes choisis de L'Encyclopédie ou (Record no. 172659)
[ view plain ]
| 000 -LEADER | |
|---|---|
| campo de control de longitud fija | 01013nam a2200253 i 4500 |
| 001 - NÚMERO DE CONTROL | |
| campo de control | 172659 |
| 003 - IDENTIFICADOR DE NÚMERO DE CONTROL | |
| campo de control | ES-MaACL |
| 005 - FECHA Y HORA DE LA ÚLTIMA TRANSACCIÓN | |
| campo de control | 20230906215010.0 |
| 008 - DATOS DE LONGITUD FIJA--INFORMACIÓN GENERAL | |
| campo de control de longitud fija | 090811s1962 fr |||| | fre d |
| 080 ## - NÚMERO DE LA CLASIFICACIÓN DECIMAL UNIVERSAL | |
| Número de la Clasificación Decimal Universal | (031)"17" |
| 130 0# - ENTRADA PRINCIPAL--TÍTULO UNIFORME | |
| Título uniforme | Encyclopédie ou Dictionnaire raisonné des sciences, des arts et des métiers. |
| 9 (RLIN) | 139891 |
| 245 10 - MENCIÓN DEL TÍTULO | |
| Título | Textes choisis de L'Encyclopédie ou |
| Resto del título | Dictionnaire raisonné des sciences, des arts et des métiers / |
| Mención de responsabilidad, etc. | introduction et notes par Albert Soboul. |
| 246 10 - FORMA VARIANTE DEL TITULO | |
| Título propio/Titulo breve | Dictionnaire raisonné des sciences, des arts et des métiers |
| 250 ## - MENCION DE EDICION | |
| Mención de edición | 2e éd. rev. et augm. |
| 260 ## - PUBLICACIÓN, DISTRIBUCIÓN, ETC. | |
| Lugar de publicación, distribución, etc. | Paris : |
| Nombre del editor, distribuidor, etc. | Éditions Sociales, |
| Fecha de publicación, distribución, etc. | 1962. |
| 300 ## - DESCRIPCIÓN FÍSICA | |
| Extensión | 258 p. ; |
| Dimensiones | 18 cm. |
| 490 1# - MENCIÓN DE SERIE | |
| Mención de serie | Les classiques du peuple |
| 500 ## - NOTA GENERAL | |
| Nota general | Índice. |
| 650 #4 - PUNTO DE ACCESO ADICIONAL DE MATERIA--TÉRMINO DE MATERIA | |
| Término de materia o nombre geográfico como elemento de entrada | Enciclopedias- |
| Subdivisión de forma | Obras anteriores a 1800. |
| 9 (RLIN) | 12236 |
| 700 1# - ENTRADA AGREGADA--NOMBRE PERSONAL | |
| Nombre de persona | Soboul, Albert. |
| 9 (RLIN) | 106991 |
| 830 0# - PUNTO DE ACCESO ADICIONAL DE SERIE-TÍTULO UNIFORME | |
| Título uniforme | Les classiques du peuple |
| 9 (RLIN) | 189106 |
| 852 4# - LOCALIZACIÓN | |
| Ubicación | ES-MaACL |
| Número de control de estantería | E-12950 |
| itemnumber | R.139337 |
| Nota libre | . - Biblioteca Jacinto Martínez Lacalle |
| Estatus retirado | Estado de pérdida | Estado de daño | No para préstamo | Colección | Biblioteca de origen | Biblioteca actual | Ubicación en estantería | Fecha de adquisición | Fuente de adquisición | Total de préstamos | Signatura topográfica completa | Código de barras | Visto por última vez | Precio de reemplazo | Tipo de ítem Koha |
|---|---|---|---|---|---|---|---|---|---|---|---|---|---|---|---|
| Colección de referencia | Biblioteca del Ateneo de Madrid | Biblioteca del Ateneo de Madrid | Depósito 2 | 11/08/2009 | E-12950 | 1181189 | 23/02/2023 | 23/02/2023 | Libro impreso |
